[Event "75 x 19"]
[Site "http://www.queenalice.com/game.php?id=1350235"]
[Date "2015.3.27"]
[Round "-"]
[White "Be"]
[Black "PedroBritto"]
[Result "1-0"]
[WhiteElo "1888"]
[BlackElo "1674"]

1. Nf3 d5 2. h3 Nf6 3. d3 d4 4. g4 h6 5. Bg2 Nc6 6. Bf4 Nd5 7. Bg3 f6 8. O-O e5
9. a3 Bd7 10. c4 dxc3 11. bxc3 Na5 12. Nxe5 fxe5 13. Bxd5 c6 14. Be4 Be6 15. Nd2
Be7 16. Bg6+ Kf8 17. Bxe5 Bf6 18. Nf3 Bxe5 19. Nxe5 Qg5 20. f4 Qh4 21. Be4 Qxh3
22. Rf3 Qxf3 23. exf3 Ke8 24. Ng6 Rg8 25. Qa4 Nb3 26. Qb4 Nd2 27. Qe7# 1-0

[Event "Challenge"]
[Site "http://www.queenalice.com/game.php?id=1351164"]
[Date "2015.4.1"]
[Round "-"]
[White "edemarc"]
[Black "PedroBritto"]
[Result "1-0"]
[WhiteElo "1497"]
[BlackElo "1667"]

1. e4 e5 2. Nf3 Nc6 3. Nc3 Nf6 4. d3 Bc5 5. Ne2 Ng4 6. Be3 Bxe3 7. fxe3 Nxe3 8.
Qd2 Nxf1 9. Rxf1 d6 10. c3 Bg4 11. Ng5 O-O 12. Ng3 h6 13. h3 Bd7 14. Nf3 Qf6 15.
Nh5 Qg6 16. g4 Qe6 17. d4 exd4 18. cxd4 Qxe4+ 19. Kf2 g5 20. Nf6+ Kg7 21. Nxe4
f6 22. h4 Bxg4 23. hxg5 hxg5 24. Kg3 Bd7 25. Rae1 Rh8 26. Nf2 g4 27. Ng1 Ne7 28.
Rxe7+ Kg6 29. Rxd7 1-0

[Event "76 x 19"]
[Site "http://www.queenalice.com/game.php?id=1354678"]
[Date "2015.4.21"]
[Round "-"]
[White "PedroBritto"]
[Black "Be"]
[Result "0-1"]
[WhiteElo "1644"]
[BlackElo "1895"]

1. e4 e5 2. Nf3 Nf6 3. Nc3 Nc6 4. d4 Bb4 5. Ng5 exd4 6. Bc4 dxc3 7. O-O Ne5 8.
a3 Nxc4 9. Nxf7 Kxf7 10. b3 Nb2 11. Qf3 Bd6 12. Qxc3 Ng4 13. Qf3+ Nf6 14. Bxb2
Re8 15. g4 Rxe4 16. g5 Rg4+ 17. Kh1 Rxg5 18. Rg1 Rxg1+ 19. Rxg1 Rb8 20. b4 b5
21. Qb3+ Kf8 22. Rg3 Bb7+ 23. f3 Bxg3 24. hxg3 Bd5 25. Qc3 Qe8 26. Qxc7 Bxf3+
27. Kg1 Qe1+ 28. Kh2 Qh1# 0-1

[Event "77 x 19"]
[Site "http://www.queenalice.com/game.php?id=1360432"]
[Date "2015.5.19"]
[Round "-"]
[White "Be"]
[Black "PedroBritto"]
[Result "1-0"]
[WhiteElo "1883"]
[BlackElo "1623"]

1. e4 e5 2. d4 exd4 3. Qxd4 Nc6 4. Qd5 Nf6 5. Qc4 Bb4+ 6. c3 Ba5 7. b4 Bb6 8.
Nh3 Ne5 9. Qb5 Nc6 10. Ng5 O-O 11. Be2 Qe8 12. O-O d6 13. Bd3 Bd7 14. Bc2 a6 15.
Qd3 Ne5 16. Qd2 Nc4 17. Qf4 Ne5 18. a4 Ng6 19. Qd2 Ng4 20. h3 N4e5 21. a5 Ba7
22. Na3 Nh4 23. Qe2 f6 24. Nf3 Qg6 25. Nxh4 Qf7 26. Nf5 Bc6 27. Bh6 Qd7 28. Bxg7
Rfe8 29. Bxf6 Ng6 30. Bb3+ d5 31. Nh6+ Kf8 32. Qf3 dxe4 33. Be7+ Kxe7 34. Qf7+
Kd8 35. Rad1 Bxf2+ 36. Qxf2 Rf8 37. Nf7+ Ke7 38. Qc5+ Ke8 39. Rxd7 Bxd7 40. Qxc7
Rc8 41. Nd6+ Ke7 42. Nxc8+ Rxc8 43. Rf7+ Ke8 44. Qxd7# 1-0

[Event "Challenge"]
[Site "http://www.queenalice.com/game.php?id=1363912"]
[Date "2015.6.6"]
[Round "-"]
[White "recchdegomm1"]
[Black "PedroBritto"]
[Result "0-1"]
[WhiteElo "1282"]
[BlackElo "1638"]

1. e4 e5 2. Nc3 Nf6 3. Bc4 Bc5 4. Nf3 Ng4 5. Nd4 Bxd4 6. Qxg4 O-O 7. O-O d5 8.
Qe2 dxc4 9. Qxc4 Qg5 10. d3 Qg6 11. Nb5 Bh3 12. g3 Bxf1 13. Be3 Bxe3 14. fxe3
Bh3 15. Nxc7 Qf6 16. Qd5 Qf3 17. Qxb7 Qg2# 0-1

[Event "Challenge"]
[Site "http://www.queenalice.com/game.php?id=1369964"]
[Date "2015.7.5"]
[Round "-"]
[White "JoseMessias"]
[Black "PedroBritto"]
[Result "1-0"]
[WhiteElo "1625"]
[BlackElo "1640"]

1. e4 e5 2. Nf3 Nc6 3. Bc4 Nf6 4. Ng5 d5 5. exd5 Nxd5 6. Qf3 Qxg5 7. Bxd5 Qe7 8.
Bxc6+ bxc6 9. Qxc6+ Kd8 10. Qxa8 Qc5 11. O-O c6 12. d3 Qb6 13. Be3 Bc5 14. d4
exd4 15. Rd1 Kc7 16. Bf4+ Bd6 17. Bxd6+ Kxd6 18. c3 a6 19. Rxd4+ Kc7 20. Rb4
Qxb4 21. cxb4 Rd8 22. Qa7+ Bb7 23. Nc3 1-0

[Event "2º Jogo"]
[Site "http://www.queenalice.com/game.php?id=1372040"]
[Date "2015.7.18"]
[Round "-"]
[White "PedroBritto"]
[Black "JoseMessias"]
[Result "1-0"]
[WhiteElo "1617"]
[BlackElo "1684"]

1. e4 e5 2. Nf3 Nc6 3. d4 exd4 4. Nxd4 Bc5 5. Nf3 Nf6 6. Bg5 h6 7. Bh4 g5 8. Bg3
Nxe4 9. Qe2 f5 10. Nc3 d5 11. O-O-O d4 12. Qb5 a6 13. Qe2 O-O 14. Nxe4 fxe4 15.
Qxe4 Bf5 16. Bc4+ Kh8 17. Be5+ Kh7 18. Qe2 g4 19. Bd3 gxf3 20. Qxf3 Bxd3 21.
Qxd3+ Kg8 22. Qg6# 1-0

[Event "78 x 19"]
[Site "http://www.queenalice.com/game.php?id=1374042"]
[Date "2015.7.28"]
[Round "-"]
[White "PedroBritto"]
[Black "Be"]
[Result "0-1"]
[WhiteElo "1654"]
[BlackElo "1889"]

1. e4 g5 2. d4 h6 3. Bc4 c6 4. Qh5 e6 5. Nf3 Nf6 6. Qh3 g4 7. Qh4 gxf3 8. gxf3
b5 9. Bd3 Be7 10. Bg5 Ng8 11. Bxe7 Qxe7 12. Qf4 Qb4+ 13. Nd2 Qxb2 14. O-O Qxd4
15. Nb3 Qg7+ 16. Kh1 a5 17. Qc7 Ne7 18. Rg1 Qf6 19. Rg3 Qb2 20. Rag1 a4 21. Nc5
Na6 22. Nxa6 Bxa6 23. Qf4 Ng6 24. Qg4 Qxa2 25. f4 Qb2 26. e5 a3 27. Bxg6 fxg6
28. Qxg6+ Kd8 29. Qf6+ Kc7 30. Rg7 Bb7 31. Rxd7+ Kb6 32. Rdd1 c5+ 33. Rg2 a2 34.
Qxe6+ Ka5 35. Qd7 Bxg2+ 36. Kxg2 Rhg8+ 37. Kf3 a1=Q 38. Qc7+ Kb4 39. Rxa1 Qc3+
40. Ke4 Qxc2+ 41. Kd5 Rxa1 42. Kc6 Qg6+ 0-1

[Event "3º Jogo"]
[Site "http://www.queenalice.com/game.php?id=1374290"]
[Date "2015.7.30"]
[Round "-"]
[White "JoseMessias"]
[Black "PedroBritto"]
[Result "0-1"]
[WhiteElo "1692"]
[BlackElo "1636"]

1. e4 e5 2. Nf3 Nc6 3. Nc3 Nf6 4. Bc4 d6 5. Ng5 Qe7 6. Nxf7 d5 7. Nxh8 dxc4 8.
Nb5 g5 9. d3 Ng4 10. f3 Qb4+ 11. Nc3 Nh6 12. a3 Qe7 13. Nd5 Qg7 14. dxc4 Be6 15.
Bxg5 Rd8 16. Bxd8 Nxd8 17. c3 Qxg2 18. Rf1 Bh3 19. Nxc7+ Ke7 20. Nd5+ Ke6 21.
Nc7+ Kf6 22. Qxd8+ Kg7 23. Ne6+ Kxh8 24. Qf6+ Bg7 25. Qd8+ Ng8 26. O-O-O Bxe6
27. Rg1 Qxf3 28. Qc7 Bh6+ 29. Kb1 Qxe4+ 30. Ka1 Qc2 31. Qd6 Qf5 32. Rdf1 Bf4 33.
Qc7 Bf7 34. Rd1 e4 35. Rd5 Qxd5 36. cxd5 Bxc7 37. Rd1 Bd6 38. c4 Nf6 39. Rf1 Kg7
0-1

[Event "4º Jogo"]
[Site "http://www.queenalice.com/game.php?id=1378263"]
[Date "2015.8.17"]
[Round "-"]
[White "PedroBritto"]
[Black "JoseMessias"]
[Result "1-0"]
[WhiteElo "1647"]
[BlackElo "1682"]

1. e4 e5 2. Nf3 Nc6 3. d4 Nxd4 4. Nxd4 exd4 5. Qxd4 c5 6. Qe5+ Qe7 7. Qxe7+ Bxe7
8. Nc3 d6 9. Nb5 Kd7 10. Bf4 a6 11. Nc3 Bf6 12. Nd5 Bxb2 13. Rb1 Ba3 14. Nb6+
Ke6 15. Nxa8 Nf6 16. Bc4+ d5 17. exd5+ Kf5 18. Bg3 Re8+ 19. Kd1 Ng4 20. Bd3+ Kf6
21. Rb6+ Ke7 22. d6+ Kf8 23. Nc7 Rd8 24. Re1 g6 25. Bh4 f6 26. Re7 c4 27. Rxh7
Kg8 28. Bxg6 Bxd6 29. Nd5 Bc7 30. Rxc7 Rxd5+ 31. Kc1 Bd7 32. Rbxb7 Kg7 33. Rxd7+
Rxd7 34. Rxd7+ Kxg6 35. Ra7 Kh5 36. g3 f5 37. Rxa6 Nxf2 38. Ra4 c3 39. Rf4 Ng4
40. Rxf5+ Kh6 41. a4 Nxh2 42. a5 Kg6 43. Rc5 Nf3 44. a6 Nxh4 45. gxh4 Kf6 46. a7
Ke6 47. a8=Q Kd6 48. Qd5+ Ke7 49. Rc6 Ke8 50. Rc7 Kf8 51. Qf7# 1-0

[Event "79 x 19"]
[Site "http://www.queenalice.com/game.php?id=1380064"]
[Date "2015.8.28"]
[Round "-"]
[White "Be"]
[Black "PedroBritto"]
[Result "1-0"]
[WhiteElo "1896"]
[BlackElo "1680"]

1. e4 e5 2. c4 Nf6 3. Bd3 Bc5 4. Nf3 d6 5. h3 Nh5 6. Nc3 Nf4 7. Bf1 b6 8. a3 a5
9. g3 Nh5 10. Nh4 Qf6 11. Qxh5 Bxf2+ 12. Kd1 Nc6 13. Nd5 Qd8 14. Qf3 Bc5 15. Be2
Nd4 16. Qh5 Nxe2 17. Rf1 Be6 18. Kxe2 Qd7 19. Nf5 Bxd5 20. Nxg7+ Kf8 21. exd5
Kxg7 22. d4 exd4 23. Bh6+ Kg8 24. Qg5# 1-0

[Event "5º Jogo"]
[Site "http://www.queenalice.com/game.php?id=1380704"]
[Date "2015.9.1"]
[Round "-"]
[White "JoseMessias"]
[Black "PedroBritto"]
[Result "0-1"]
[WhiteElo "1676"]
[BlackElo "1664"]

1. e4 e5 2. Bc4 Nf6 3. Nc3 c5 4. Nf3 Nc6 5. Ng5 d5 6. exd5 Nxd5 7. d3 Nce7 8.
Nxf7 Kxf7 9. Bg5 Be6 10. Bh4 Nf4 11. Qf3 Qc8 12. Bxe6+ Qxe6 13. g3 Qh3 14. O-O-O
h6 15. Bxe7 Bxe7 16. Nd5 Rhf8 17. Nxe7 Kxe7 18. Qxb7+ Qd7 19. Qxd7+ Kxd7 20.
gxf4 exf4 21. Rhg1 g5 22. Rde1 a5 23. Re5 Kd6 24. Rge1 Kc6 25. Re6+ Kb5 26. c4+
Ka4 27. b3+ Ka3 28. Kb1 Rfd8 29. Rd1 Rdb8 30. Ka1 a4 31. bxa4 Rb2 32. d4 Rxa2+
33. Kb1 Rb8+ 34. Kc1 Ra1+ 35. Kd2 Rb2+ 36. Ke1 Rxd1+ 37. Kxd1 cxd4 38. Rd6 Kxa4
39. Rxd4 Kb4 40. Kc1 Rxf2 41. Rd2 Rxd2 42. Kxd2 Kxc4 43. Ke2 Kd4 44. Kf3 Ke5 45.
Kg4 Ke4 46. Kh3 Ke3 47. Kg2 Ke2 48. h3 f3+ 49. Kg3 f2 50. Kg4 f1=Q 51. Kh5 Qxh3+
52. Kg6 Qe6+ 53. Kh5 Qf7+ 54. Kxh6 Qg8 55. Kh5 g4 56. Kh4 g3 57. Kh3 g2 58. Kh2
g1=Q+ 59. Kh3 Qh7# 0-1

[Event "6º Jogo"]
[Site "http://www.queenalice.com/game.php?id=1384486"]
[Date "2015.9.21"]
[Round "-"]
[White "PedroBritto"]
[Black "JoseMessias"]
[Result "1-0"]
[WhiteElo "1673"]
[BlackElo "1755"]

1. e4 Nf6 2. e5 Ng4 3. Qxg4 h5 4. Qf3 d5 5. d4 Bg4 6. Qf4 c6 7. Qe3 g6 8. Nc3
Bh6 9. f4 e6 10. Qg3 f5 11. h3 h4 12. Qe3 Bh5 13. Nf3 Bxf3 14. Qxf3 g5 15. Qh5+
Kd7 16. fxg5 Bxg5 17. Qf7+ Kc8 18. Qxe6+ Nd7 19. Qxf5 Rg8 20. e6 Re8 21. Bxg5
Qc7 22. Qf7 Qg3+ 23. Ke2 Kc7 24. Bf4+ Qxf4 25. Qxf4+ Kb6 26. Kd1 Rxe6 27. Na4+
Ka5 28. Qc7+ Kxa4 29. Qxb7 c5 30. Qb5# 1-0

[Event "Challenge"]
[Site "http://www.queenalice.com/game.php?id=1386714"]
[Date "2015.10.1"]
[Round "-"]
[White "recchdegomm1"]
[Black "PedroBritto"]
[Result "0-1"]
[WhiteElo "1308"]
[BlackElo "1677"]

1. e4 e5 2. Nf3 Nc6 3. c3 Nf6 4. Bc4 Nxe4 5. d3 Nf6 6. O-O a6 7. a3 Bc5 8. b4
Ba7 9. Re1 Ng4 10. Be3 Nxe3 11. Rxe3 Bxe3 12. fxe3 d5 13. Bb3 d4 14. cxd4 exd4
15. exd4 Nxd4 16. Nxd4 Qxd4+ 17. Kh1 Qxa1 18. Nc3 Qxc3 0-1

[Event "Challenge"]
[Site "http://www.queenalice.com/game.php?id=1412865"]
[Date "2016.3.9"]
[Round "-"]
[White "Scaracioli"]
[Black "PedroBritto"]
[Result "0-1"]
[WhiteElo "1727"]
[BlackElo "1687"]

1. e4 e5 2. Nf3 Nc6 3. d4 exd4 4. Nxd4 Qf6 5. Be3 Nh6 6. h3 Bc5 7. c3 Qh4 8. Bd3
Ng4 9. Qxg4 Qf6 10. Nxc6 dxc6 11. Bxc5 Bxg4 12. hxg4 Qg5 13. Be3 Qxg4 14. O-O
O-O-O 15. f3 Qg3 16. Bf2 Qf4 17. Rd1 Rxd3 18. Rxd3 Qc1+ 19. Kh2 Qxb2 20. Bd4
Qxa1 21. Rd1 Rd8 22. Re1 Qxa2 23. Bxg7 Rg8 24. Rg1 Rxg7 25. f4 Qf2 0-1

[Event "Challenge"]
[Site "http://www.queenalice.com/game.php?id=1414482"]
[Date "2016.3.22"]
[Round "-"]
[White "PedroBritto"]
[Black "Scaracioli"]
[Result "0-1"]
[WhiteElo "1698"]
[BlackElo "1726"]

1. d4 d5 2. e3 a6 3. Na3 b5 4. Nh3 Bxh3 5. gxh3 Nf6 6. c3 Qd6 7. Qf3 Nfd7 8. Bg2
c6 9. b4 g6 10. O-O Nf6 11. Bd2 Bg7 12. Rae1 e6 13. Qe2 O-O 14. f4 Nbd7 15. Rf3
Ne4 16. Kh1 Ndf6 17. Nb1 a5 18. Bc1 axb4 19. cxb4 Qxb4 20. Nd2 Rxa2 21. h4 Nxd2
22. Rg3 Rfa8 23. h5 Nxh5 24. Rg4 f5 25. Rh4 Ne4 26. Rxh5 Rxe2 27. Rxe2 gxh5 28.
Bd2 Nxd2 29. h4 Ne4 30. Bxe4 dxe4 31. Kh2 Qc4 0-1

[Event "Challenge"]
[Site "http://www.queenalice.com/game.php?id=1414483"]
[Date "2016.3.22"]
[Round "-"]
[White "PedroBritto"]
[Black "Scaracioli"]
[Result "0-1"]
[WhiteElo "1683"]
[BlackElo "1820"]

1. e4 e5 2. Nf3 d6 3. Nc3 Be6 4. d3 Be7 5. d4 exd4 6. Nxd4 Bd7 7. Nd5 c6 8. Nxe7
Qxe7 9. Bd3 d5 10. f3 Nf6 11. O-O O-O 12. Re1 Be6 13. Nxe6 fxe6 14. e5 Nfd7 15.
f4 c5 16. Qh5 g6 17. Qg4 Rf7 18. c4 d4 19. Be4 Nc6 20. Rf1 Raf8 21. Rf3 Rg7 22.
Rh3 a6 23. a4 h5 24. Qg5 Qf7 25. Raa3 Ndxe5 26. Rag3 Ne7 27. Rh4 Ng4 28. h3 Nf6
29. Bd3 Nh7 30. Qxc5 Rd8 31. Qc7 Nc6 32. Qxf7+ Kxf7 33. b3 Ne7 34. Rf3 Kg8 35.
g4 Nf6 36. f5 exf5 37. gxf5 gxf5+ 38. Kf2 Kf7 39. Bb2 Rdg8 40. Bxd4 Rg2+ 41. Ke3
R2g3 42. c5 Ned5+ 0-1